LEADER 01107nam0-2200361---45-- 001 990001093370203316 005 20050714170215.0 035 $a000109337 035 $aUSA01000109337 035 $a(ALEPH)000109337USA01 035 $a000109337 100 $a20021028d1983----km|y1itay0103----ba 101 0 $aita 102 $aIT 105 $a||||||||001yy 200 1 $aAtleti in camicia nera$elo sport nell'Italia di Mussolini$fRenato Bianda [et al. ...] 210 $aRoma$cG. Volpe$d1983 215 $a302 p.$ctav.$d24 cm. 225 2 $aStoria e documenti del fascismo$v10 410 1$12001$aStoria e documenti del fascismo 606 1 $aSport$yItalia$z1922-1942 676 $a796.0945 702 1$aBIANDA,$bRenato 801 $aIT$bUNPD$c19991112$gRICA 912 $a990001093370203316 951 $aII.5. 3785(XV B 1018)$b154697/LM$cXV B$d00081307 959 $aBK 969 $aUMA 979 $aJOHNNY$b90$c20021028$lUSA01$h1403 979 $aPATRY$b90$c20040406$lUSA01$h1716 979 $aCOPAT6$b90$c20050714$lUSA01$h1702 996 $aAtleti in camicia nera$9312597 997 $aUNISA LEADER 01396nam a2200301 i 4500 001 991000665649707536 005 20020503194131.0 008 960612s1991 it ita 020 $a8845304728 035 $ab10111189-39ule_inst 035 $aLE02520072$9ExL 040 $aFac. Economia$bita 082 0 $a658.401 100 1 $aBrusa, Luigi$0108802 245 10$aPianificazione e controllo di gestione :$bcreazione del valore, cost accounting e reporting direzionale :$btendenze evolutive /$cLuigi Brusa, Luciana Zamprogna 260 $aMilano :$bEtas Libri,$c1991 300 $a244 p. ;$c24 cm 490 0 $aGestione d'impresa.$pContabilitą e controllo di gestione 650 4$aAziende$xPianificazione 700 1 $aZamprogna, Luciana$eauthor$4http://id.loc.gov/vocabulary/relators/aut$0369581 907 $a.b10111189$b17-02-17$c27-06-02 912 $a991000665649707536 945 $aLE025 ECO 658.4 BRU01.06$g1$i2025000002210$lle025$o-$pE0.00$q-$rl$s- $t0$u21$v13$w21$x0$y.i1013007x$z27-06-02 945 $aLE025 ECO 658.4 BRU01.06$g2$i2025000249929$lle025$o-$pE0.00$q-$rl$s- $t0$u3$v5$w3$x0$y.i14775293$z13-06-08 945 $aLE025 ECO 658.4 BRU01.06$g3$i2025000249912$lle025$o-$pE0.00$q-$rl$s- $t0$u8$v1$w8$x0$y.i1477530x$z13-06-08 996 $aPianificazione e controllo di gestione$968111 997 $aUNISALENTO 998 $ale025$b01-01-96$cm$da $e-$fita$git $h0$i1